<?xml version="1.0" encoding="UTF-8"?>
<record
    xmlns:xsi="http://www.w3.org/2001/XMLSchema-instance"
    xsi:schemaLocation="http://www.loc.gov/MARC21/slim http://www.loc.gov/standards/marcxml/schema/MARC21slim.xsd"
    xmlns="http://www.loc.gov/MARC21/slim">

  <leader>00388nam a2200169Ia 4500</leader>
  <controlfield tag="003">OSt</controlfield>
  <controlfield tag="005">20240504160836.0</controlfield>
  <controlfield tag="008">170619s9999    xx            000 0 und d</controlfield>
  <datafield tag="020" ind1=" " ind2=" ">
    <subfield code="a">9788123901213</subfield>
  </datafield>
  <datafield tag="040" ind1=" " ind2=" ">
    <subfield code="c">IIMT ENGINEERING COLLEGE</subfield>
  </datafield>
  <datafield tag="100" ind1=" " ind2=" ">
    <subfield code="a">SINGH ALAM</subfield>
  </datafield>
  <datafield tag="245" ind1=" " ind2="0">
    <subfield code="a">MODERN GEOTECHNICAL ENGINEERING</subfield>
  </datafield>
  <datafield tag="260" ind1=" " ind2=" ">
    <subfield code="b">CBS</subfield>
  </datafield>
  <datafield tag="260" ind1=" " ind2=" ">
    <subfield code="c">2010</subfield>
  </datafield>
  <datafield tag="546" ind1=" " ind2=" ">
    <subfield code="a">ENGLISH</subfield>
  </datafield>
  <datafield tag="942" ind1=" " ind2=" ">
    <subfield code="2">ddc</subfield>
    <subfield code="c">02</subfield>
  </datafield>
  <datafield tag="999" ind1=" " ind2=" ">
    <subfield code="c">19481</subfield>
    <subfield code="d">19481</subfield>
  </datafield>
  <datafield tag="952" ind1=" " ind2=" ">
    <subfield code="0">0</subfield>
    <subfield code="1">0</subfield>
    <subfield code="2">ddc</subfield>
    <subfield code="4">0</subfield>
    <subfield code="7">0</subfield>
    <subfield code="a">06</subfield>
    <subfield code="b">06</subfield>
    <subfield code="d">2011-08-04</subfield>
    <subfield code="e">37</subfield>
    <subfield code="l">0</subfield>
    <subfield code="p">06-B-49031</subfield>
    <subfield code="r">2017-07-03</subfield>
    <subfield code="w">2017-07-03</subfield>
    <subfield code="y">01</subfield>
  </datafield>
  <datafield tag="952" ind1=" " ind2=" ">
    <subfield code="0">0</subfield>
    <subfield code="1">0</subfield>
    <subfield code="2">ddc</subfield>
    <subfield code="4">0</subfield>
    <subfield code="7">0</subfield>
    <subfield code="a">06</subfield>
    <subfield code="b">06</subfield>
    <subfield code="d">2011-08-04</subfield>
    <subfield code="e">37</subfield>
    <subfield code="l">0</subfield>
    <subfield code="p">06-B-49032</subfield>
    <subfield code="r">2017-07-03</subfield>
    <subfield code="w">2017-07-03</subfield>
    <subfield code="y">01</subfield>
  </datafield>
  <datafield tag="952" ind1=" " ind2=" ">
    <subfield code="0">0</subfield>
    <subfield code="1">0</subfield>
    <subfield code="2">ddc</subfield>
    <subfield code="4">0</subfield>
    <subfield code="7">0</subfield>
    <subfield code="a">06</subfield>
    <subfield code="b">06</subfield>
    <subfield code="d">2011-08-04</subfield>
    <subfield code="e">37</subfield>
    <subfield code="l">0</subfield>
    <subfield code="p">06-B-49033</subfield>
    <subfield code="r">2017-07-03</subfield>
    <subfield code="w">2017-07-03</subfield>
    <subfield code="y">01</subfield>
  </datafield>
  <datafield tag="952" ind1=" " ind2=" ">
    <subfield code="0">0</subfield>
    <subfield code="1">0</subfield>
    <subfield code="2">ddc</subfield>
    <subfield code="4">0</subfield>
    <subfield code="7">0</subfield>
    <subfield code="a">06</subfield>
    <subfield code="b">06</subfield>
    <subfield code="d">2011-08-04</subfield>
    <subfield code="e">37</subfield>
    <subfield code="l">0</subfield>
    <subfield code="p">06-B-49034</subfield>
    <subfield code="r">2017-07-03</subfield>
    <subfield code="w">2017-07-03</subfield>
    <subfield code="y">01</subfield>
  </datafield>
  <datafield tag="952" ind1=" " ind2=" ">
    <subfield code="0">0</subfield>
    <subfield code="1">0</subfield>
    <subfield code="2">ddc</subfield>
    <subfield code="4">0</subfield>
    <subfield code="7">0</subfield>
    <subfield code="a">06</subfield>
    <subfield code="b">06</subfield>
    <subfield code="d">2011-08-04</subfield>
    <subfield code="e">37</subfield>
    <subfield code="l">2</subfield>
    <subfield code="p">06-B-49035</subfield>
    <subfield code="r">2024-12-02</subfield>
    <subfield code="s">2024-11-14</subfield>
    <subfield code="w">2017-07-03</subfield>
    <subfield code="y">02</subfield>
  </datafield>
  <datafield tag="952" ind1=" " ind2=" ">
    <subfield code="0">0</subfield>
    <subfield code="1">0</subfield>
    <subfield code="2">ddc</subfield>
    <subfield code="4">0</subfield>
    <subfield code="7">0</subfield>
    <subfield code="a">06</subfield>
    <subfield code="b">06</subfield>
    <subfield code="d">2011-08-04</subfield>
    <subfield code="e">37</subfield>
    <subfield code="l">0</subfield>
    <subfield code="p">06-B-49036</subfield>
    <subfield code="r">2017-07-03</subfield>
    <subfield code="w">2017-07-03</subfield>
    <subfield code="y">01</subfield>
  </datafield>
  <datafield tag="952" ind1=" " ind2=" ">
    <subfield code="0">0</subfield>
    <subfield code="1">0</subfield>
    <subfield code="2">ddc</subfield>
    <subfield code="4">0</subfield>
    <subfield code="7">0</subfield>
    <subfield code="a">06</subfield>
    <subfield code="b">06</subfield>
    <subfield code="d">2011-08-04</subfield>
    <subfield code="e">37</subfield>
    <subfield code="l">0</subfield>
    <subfield code="p">06-B-49037</subfield>
    <subfield code="r">2017-07-03</subfield>
    <subfield code="w">2017-07-03</subfield>
    <subfield code="y">01</subfield>
  </datafield>
  <datafield tag="952" ind1=" " ind2=" ">
    <subfield code="0">0</subfield>
    <subfield code="1">0</subfield>
    <subfield code="2">ddc</subfield>
    <subfield code="4">0</subfield>
    <subfield code="7">0</subfield>
    <subfield code="a">06</subfield>
    <subfield code="b">06</subfield>
    <subfield code="d">2011-08-04</subfield>
    <subfield code="e">37</subfield>
    <subfield code="l">0</subfield>
    <subfield code="p">06-B-49038</subfield>
    <subfield code="r">2017-07-03</subfield>
    <subfield code="w">2017-07-03</subfield>
    <subfield code="y">01</subfield>
  </datafield>
  <datafield tag="952" ind1=" " ind2=" ">
    <subfield code="0">0</subfield>
    <subfield code="1">0</subfield>
    <subfield code="2">ddc</subfield>
    <subfield code="4">0</subfield>
    <subfield code="7">0</subfield>
    <subfield code="a">06</subfield>
    <subfield code="b">06</subfield>
    <subfield code="d">2011-08-04</subfield>
    <subfield code="e">37</subfield>
    <subfield code="l">0</subfield>
    <subfield code="p">06-B-49039</subfield>
    <subfield code="r">2017-07-03</subfield>
    <subfield code="w">2017-07-03</subfield>
    <subfield code="y">01</subfield>
  </datafield>
</record>
